000 00245nam a22001217a 4500
041 _aENG
100 _aFranzini.
245 _aWater-Resources Engineering
260 _aLondon
_bMcGraw -HIll
_c1984
300 _a654
650 _a48
856 _u48
999 _c3125
_d3125